000 01240cam a2200361 a 4500
001 11913668
003 OSt
005 20140310181918.0
008 000215s1999 ohu b 001 0 eng d
010 _a 00551038
020 _a1577484916 (pbk.)
035 _a(OCoLC)ocm41551292
040 _aHRF
_cHRF
_dDLC
042 _alccopycat
050 0 0 _aHQ 801
_b.D337 1999
082 0 0 _aTR 646.78
_bD26 2000
245 0 0 _aDating :
_bclues for the clueless /
_cChristopher D. Hudson ... [et al.].
260 _aUhrichsville, OH :
_bPromise Press,
_cc1999.
300 _axii, 241 p. :
_bill. ;
_c17 cm.
500 _a"God's word in your world"--Cover.
504 _aIncludes bibliographical references (p. 232) and index.
521 _aFaculty.
541 _j1
562 _e1
650 0 _aDating (Social customs)
_91291
650 0 _aMan-woman relationships.
_91292
650 0 _aCourtship.
_91293
650 0 _aMate selection.
_91294
700 1 _aHudson, Christopher D.
_91295
906 _a7
_bcbc
_ccopycat
_d2
_encip
_f20
_gy-gencatlg
942 _2lcc
_cBK-TR
_kTR
999 _c6867
_d6867